header

The ostrich factor (Record no. 4454)

MARC details
000 -LEADER
fixed length control field 01196nam a2200301Ia 4500
100 1# - MAIN ENTRY--AUTHOR NAME
Personal name Hardin, Garrett James,
245 14 - TITLE STATEMENT
Title The ostrich factor
260 ## - PUBLICATION, DISTRIBUTION, ETC. (IMPRINT)
Place of publication New York :
Name of publisher Oxford University Press,
Year of publication 1999.
300 ## - PHYSICAL DESCRIPTION
Number of Pages viii, 168 p. :
Other physical details ill.
650 #0 - SUBJECT ADDED ENTRY--TOPICAL TERM
Topical Term Population
Topical Term Quality of life.
856 40 - ELECTRONIC LOCATION AND ACCESS
Uniform Resource Identifier http://site.ebrary.com/lib/rucke/Doc?id=10279132

No items available.

© 2026 Rongo University
Contact us: librarian | system librarian | Rongo university